000 00308nam a22001337a 4500
008 170711b xxu||||| |||| 00| 0 eng d
020 _a0893564966
041 _aeng
080 _29th
_a030
100 _a23
101 _aENC
245 _aEncyclopedia of BANKING & FINANCE
_cWoelfel, Ch.J
942 _2udc
_cBK
999 _c20237
_d20237